SSC CGL Mains Mathematics/ (Record no. 192844)

MARC details
000 -LEADER
fixed length control field 00682nam a22001937a 4500
005 - DATE AND TIME OF LATEST TRANSACTION
control field 20221010114952.0
010 ## - LCCN (DPL NO)
LC control number RP B-745776
020 ## - INTERNATIONAL STANDARD BOOK NUMBER
Terms of availability 400.00
035 ## - SYSTEM CONTROL NUMBER
System control number B-745776
037 ## - SOURCE OF ACQUISITION
Source of stock number/acquisition Champion Publication
082 ## - DEWEY DECIMAL CLASSIFICATION NUMBER
Classification number 510
100 ## - MAIN ENTRY--PERSONAL NAME
Personal name Pratap, Gagan
245 ## - TITLE STATEMENT
Title SSC CGL Mains Mathematics/
Remainder of title Gagan Pratap
260 ## - PUBLICATION, DISTRIBUTION, ETC. (IMPRINT)
Place of publication, distribution, etc Delhi
Name of publisher, distributor, etc Champion Publication
Date of publication, distribution, etc 2022
270 ## - ADDRESS
Address 2nd Floor, Jaina Ext. Dr. Mukherjee Nagar
City Delhi
Postal code 110009
300 ## - PHYSICAL DESCRIPTION
Extent 476p.
Dimensions 28cm(pbk)
942 ## - ADDED ENTRY ELEMENTS (KOHA)
Source of classification or shelving scheme Dewey Decimal Classification
Item type English Books
Call number suffix PRA
Classification part 510
Holdings
Withdrawn status Lost status Not for loan Collection code Home library Current library Date acquired Source of acquisition Cost, normal purchase price Full call number Barcode Copy number Cost, replacement price Koha item type
      Non-fiction Central Library Central Library 10/10/2022 Divyam Prakashan/RP/BL18/5.9.22/95/1.9.22/23.9.22 400.00 510 PRA B-745776 1 400.00 English Books

© Delhi Public Library
Hit Counter
free hit counter